| 000 | 00353cam a22001217a 4500 | ||
|---|---|---|---|
| 008 | 180718b1983 xxu||||| |||| 00| 0 eng d | ||
| 082 | _aT000x54 6/M | ||
| 245 |
_aSixth five year plan, 1980-85 _cby Planning Commission, India |
||
| 260 |
_aDelhi _bPlanning Commission _c1983 |
||
| 300 | _a139p. | ||
| 650 | _aPlanning | ||
| 700 | _aIndia. Planning Commission | ||
| 999 |
_c501006 _d501006 |
||